<?xml version="1.0" encoding="UTF-8"?>
<record
    xmlns:xsi="http://www.w3.org/2001/XMLSchema-instance"
    xsi:schemaLocation="http://www.loc.gov/MARC21/slim http://www.loc.gov/standards/marcxml/schema/MARC21slim.xsd"
    xmlns="http://www.loc.gov/MARC21/slim">

  <leader>01624nam1a22002651i 4500</leader>
  <controlfield tag="001">v19\rc\2047945</controlfield>
  <controlfield tag="005">20260406203712.0</controlfield>
  <datafield tag="035" ind1=" " ind2=" ">
    <subfield code="a">(NLR Aleph) 005145858</subfield>
  </datafield>
  <datafield tag="090" ind1=" " ind2=" ">
    <subfield code="a">4851117</subfield>
    <subfield code="c">4851117</subfield>
  </datafield>
  <datafield tag="100" ind1=" " ind2=" ">
    <subfield code="a">20081111g19061916|||y0rusy50      ca</subfield>
  </datafield>
  <datafield tag="101" ind1="0" ind2=" ">
    <subfield code="a">rus</subfield>
    <subfield code="a">mol</subfield>
  </datafield>
  <datafield tag="102" ind1=" " ind2=" ">
    <subfield code="a">RU</subfield>
  </datafield>
  <datafield tag="105" ind1=" " ind2=" ">
    <subfield code="a">y   z   |||||</subfield>
  </datafield>
  <datafield tag="200" ind1="1" ind2=" ">
    <subfield code="a">&#x418;&#x437;&#x434;&#x430;&#x43D;&#x438;&#x435; &#x41F;&#x440;&#x430;&#x432;&#x43E;&#x441;&#x43B;&#x430;&#x432;&#x43D;&#x43E;&#x433;&#x43E; &#x41A;&#x438;&#x448;&#x438;&#x43D;&#x435;&#x432;&#x441;&#x43A;&#x43E;&#x433;&#x43E; &#x425;&#x440;&#x438;&#x441;&#x442;&#x43E;-&#x440;&#x43E;&#x436;&#x434;&#x435;&#x441;&#x442;&#x432;&#x435;&#x43D;&#x441;&#x43A;&#x43E;&#x433;&#x43E; &#x431;&#x440;&#x430;&#x442;&#x441;&#x442;&#x432;&#x430;</subfield>
    <subfield code="e">&#x2116; 132-</subfield>
  </datafield>
  <datafield tag="210" ind1=" " ind2=" ">
    <subfield code="a">&#x41A;&#x438;&#x448;&#x438;&#x43D;&#x435;&#x432;</subfield>
    <subfield code="d">&#x446;1906-&#x446;1916-1916</subfield>
  </datafield>
  <datafield tag="300" ind1=" " ind2=" ">
    <subfield code="a">&#x417;&#x430;&#x433;&#x43B;. &#x432; &#x2116; 444-447: "&#x418;&#x437;&#x434;&#x430;&#x43D;&#x438;&#x435; &#x421;&#x43E;&#x432;&#x435;&#x442;&#x430; &#x425;&#x440;&#x438;&#x441;&#x442;&#x43E;-&#x440;&#x43E;&#x436;&#x434;&#x435;&#x441;&#x442;&#x432;&#x435;&#x43D;&#x441;&#x43A;&#x43E;&#x433;&#x43E; &#x431;&#x440;&#x430;&#x442;&#x441;&#x442;&#x432;&#x430;", &#x432; &#x2116; 448: "&#x418;&#x437;&#x434;&#x430;&#x43D;&#x438;&#x435; &#x421;&#x43E;&#x432;&#x435;&#x442;&#x430; &#x41A;&#x438;&#x448;&#x438;&#x43D;&#x435;&#x432;&#x441;&#x43A;&#x43E;&#x433;&#x43E; &#x425;&#x440;&#x438;&#x441;&#x442;&#x43E;-&#x440;&#x43E;&#x436;&#x434;&#x435;&#x441;&#x442;&#x432;&#x435;&#x43D;&#x441;&#x43A;&#x43E;&#x433;&#x43E; &#x431;&#x440;&#x430;&#x442;&#x441;&#x442;&#x432;&#x430;", &#x441; &#x2116; 450: "&#x418;&#x437;&#x434;&#x430;&#x43D;&#x438;&#x435; &#x421;&#x43E;&#x432;&#x435;&#x442;&#x430; &#x41A;&#x438;&#x448;&#x438;&#x43D;&#x435;&#x432;&#x441;&#x43A;&#x43E;&#x433;&#x43E; &#x43F;&#x440;&#x430;&#x432;&#x43E;&#x441;&#x43B;&#x430;&#x432;&#x43D;&#x43E;&#x433;&#x43E; &#x425;&#x440;&#x438;&#x441;&#x442;&#x43E;-&#x440;&#x43E;&#x436;&#x434;&#x435;&#x441;&#x442;&#x432;&#x435;&#x43D;&#x441;&#x43A;&#x43E;&#x433;&#x43E; &#x431;&#x440;&#x430;&#x442;&#x441;&#x442;&#x432;&#x430;", &#x432; &#x2116;&#x2116; 147-442 &#x43E;&#x431;&#x449;. &#x437;&#x430;&#x433;&#x43B;. &#x43E;&#x442;&#x441;&#x443;&#x442;&#x441;&#x442;&#x432;&#x443;&#x435;&#x442;</subfield>
  </datafield>
  <datafield tag="300" ind1=" " ind2=" ">
    <subfield code="a">&#x412; &#x2116;&#x2116; 138-178, 326, 343-349, 351-380, 409-410, 412-426, 428-434, 436-442, 444-448, 450-456, 458, 460-465, 494, &#x438; &#x441; &#x2116; 496 &#x442;&#x435;&#x43A;&#x441;&#x442; &#x43F;&#x430;&#x440;&#x430;&#x43B;. &#x43D;&#x430; &#x440;&#x443;&#x441;. &#x438; &#x43C;&#x43E;&#x43B;&#x434;. &#x44F;&#x437;.</subfield>
  </datafield>
  <datafield tag="300" ind1=" " ind2=" ">
    <subfield code="a">&#x2116;&#x2116; 4, 5, 9, 11, 15, 22 &#x43F;&#x43E; &#x438;&#x43D;&#x432;&#x435;&#x43D;&#x442;&#x430;&#x440;&#x44E; &#x43D;&#x435; &#x447;&#x438;&#x441;&#x43B;&#x44F;&#x442;&#x441;&#x44F;</subfield>
  </datafield>
  <datafield tag="309" ind1=" " ind2=" ">
    <subfield code="a">&#x411;&#x435;&#x437; &#x442;&#x438;&#x442;. &#x43B;. &#x438; &#x43E;&#x431;&#x43B;.</subfield>
  </datafield>
  <datafield tag="710" ind1="0" ind2="2">
    <subfield code="a">&#x41A;&#x438;&#x448;&#x438;&#x43D;&#x435;&#x432;&#x441;&#x43A;&#x43E;&#x435; &#x43F;&#x440;&#x430;&#x432;&#x43E;&#x441;&#x43B;&#x430;&#x432;&#x43D;&#x43E;&#x435; &#x425;&#x440;&#x438;&#x441;&#x442;&#x43E;-&#x420;&#x43E;&#x436;&#x434;&#x435;&#x441;&#x442;&#x432;&#x435;&#x43D;&#x441;&#x43A;&#x43E;&#x435; &#x431;&#x440;&#x430;&#x442;&#x441;&#x442;&#x432;&#x43E;</subfield>
    <subfield code="3">RU\NLR\AUTH\889963963</subfield>
    <subfield code="9">424166</subfield>
  </datafield>
  <datafield tag="801" ind1=" " ind2="0">
    <subfield code="a">RU</subfield>
    <subfield code="b">NLR</subfield>
    <subfield code="g">psbo</subfield>
  </datafield>
  <datafield tag="801" ind1=" " ind2="1">
    <subfield code="a">RU</subfield>
    <subfield code="b">ProSoft-M</subfield>
    <subfield code="2">rusmarc</subfield>
  </datafield>
  <datafield tag="852" ind1=" " ind2=" ">
    <subfield code="a">NLR</subfield>
    <subfield code="j">20.109.9.24</subfield>
  </datafield>
  <datafield tag="852" ind1=" " ind2=" ">
    <subfield code="a">NLR</subfield>
    <subfield code="j">+&#x428;&#x438;&#x444;&#x440;&#x44B; &#x440;&#x430;&#x437;&#x43D;&#x44B;&#x435;</subfield>
  </datafield>
  <datafield tag="942" ind1=" " ind2=" ">
    <subfield code="c">BOOK</subfield>
  </datafield>
</record>
